| 000 | 00570nam a2200193 i 4500 | ||
|---|---|---|---|
| 001 | 17673 | ||
| 003 | ES-MaACL | ||
| 005 | 20230906151635.0 | ||
| 007 | t| | ||
| 008 | 010424s1996 fr ||||1| fre d | ||
| 020 | _a2-951-000-5-10 | ||
| 080 | _a323.13(=411.16) | ||
| 100 | 1 |
_aGaraudy, Roger. _953935 |
|
| 245 | 1 | 0 |
_aDroit de réponse _b: le lynchage médiatique de l'Abbé Pierre et de Roger Garaudy / _cRoger Garaudy. |
| 260 |
_a[Paris] : _bSamizdat, _c1996. |
||
| 300 |
_a38 p. ; _c21 cm. |
||
| 650 | 1 | 4 |
_aSionismo. _917129 |
| 852 |
_aES-MaACL _j2163-F-2 _bR.129648 |
||
| 999 |
_c17673 _d17673 |
||